[Event "San Francisco TNM Fall op"]
[Site "San Francisco"]
[Date "2015.12.01"]
[Round "7"]
[White "Sachs Weintraub, Julian"]
[Black "Casares, Nick Jr"]
[Result "0-1"]
[WhiteElo "1500"]
[BlackElo "1639"]
[PlyCount "48"]
[EventDate "2015.10.20"]
[EventType "swiss"]
[EventRounds "9"]
[EventCountry "USA"]
[SourceTitle "EXT 2023"]
[Source "ChessBase"]
[SourceDate "2022.10.05"]
[SourceVersion "1"]
[SourceVersionDate "2022.10.05"]
[SourceQuality "1"]

1. e4 e5 2. b3 Nf6 3. Nc3 d5 4. exd5 Nxd5 5. Bb2 Nxc3 6. Bxc3 Bd6 7. Qe2 0-0 8. 0-0-0 Nd7 9. g3 Nf6 10. Bh3 Bxh3 11. Nxh3 a5 12. Bxe5 Bxe5 13. Qxe5 Re8 14. Qb5 a4 15. Qxb7 Rb8 16. Qf3 axb3 17. axb3 Qd4 18. Qc3 Qd6 19. Kb2 Ne4 20. Qd3 Qe5+ 21. c3 Rxb3+ 22. Kxb3 Nc5+ 23. Kc2 Nxd3 24. Kxd3 Qe4# 0-1

[Event "San Francisco TNM Fall op"]
[Site "San Francisco"]
[Date "2015.11.03"]
[Round "3"]
[White "Ortega, Bill"]
[Black "Casares, Nick Jr"]
[Result "1-0"]
[WhiteElo "1936"]
[BlackElo "1639"]
[PlyCount "36"]
[EventDate "2015.10.20"]
[EventType "swiss"]
[EventRounds "9"]
[EventCountry "USA"]
[SourceTitle "EXT 2023"]
[Source "ChessBase"]
[SourceDate "2022.10.05"]
[SourceVersion "1"]
[SourceVersionDate "2022.10.05"]
[SourceQuality "1"]

1. e4 e5 2. Nf3 Nc6 3. d4 exd4 4. Bc4 Bc5 5. c3 d6 6. b4 Bb6 7. Qb3 Be6 8. Bxe6 fxe6 9. Qxe6+ Qe7 10. Qxe7+ Ngxe7 11. b5 Ne5 12. Nxd4 0-0 13. 0-0 N7g6 14. Nd2 Ba5 15. Bb2 Nf4 16. N2b3 Bb6 17. Rad1 Rae8 18. Bc1 Ne6 1-0